Tương tác giữa keo nano bạc với ion thuỷ ngân (II) và sự thay đổi tính chất cộng hưởng plasmon bề mặt của nó /
Đã lưu trong:
| Príomhúdar: | |
|---|---|
| Formáid: | Bài viết |
| Teanga: | Vietnamese |
| Ábhair: | |
| Clibeanna: |
Cuir Clib Leis
Gan Chlibeanna, Bí ar an gcéad duine leis an taifead seo a chlibeáil!
|
| Thư viện lưu trữ: | Thư viện Trường Đại học Đà Lạt |
|---|
| LEADER | 00892nam a2200289 4500 | ||
|---|---|---|---|
| 001 | DLU180184538 | ||
| 005 | ##20180419 | ||
| 040 | # | # | |a DLU |b vie |
| 041 | # | # | |a vie |
| 044 | # | # | |a vn |
| 100 | # | # | |a Nguyễn Bá Trung. |
| 245 | # | # | |a Tương tác giữa keo nano bạc với ion thuỷ ngân (II) và sự thay đổi tính chất cộng hưởng plasmon bề mặt của nó / |c Nguyễn Bá Trung. |
| 653 | # | # | |a Mercury |
| 653 | # | # | |a Mercury analysis in water sample |
| 653 | # | # | |a Plasmon resonance |
| 653 | # | # | |a Sensor |
| 653 | # | # | |a Silver nanoparticle |
| 773 | # | # | |t Hóa học |g Số 6, 2015, tr. 691-694 |
| 920 | # | # | |a Phòng Tạp chí -- Trung tâm Thông tin - Thư viện Trường Đại học Đà Lạt |
| 994 | # | # | |a DLU |
| 900 | # | # | |a True |
| 911 | # | # | |a Hoàng Thị Huyền |
| 925 | # | # | |a G |
| 926 | # | # | |a A |
| 927 | # | # | |a BB |
| 980 | # | # | |a Thư viện Trường Đại học Đà Lạt |